Einstein in Berlin / (Record no. 89801)
[ view plain ]
| 000 -LEADER | |
|---|---|
| campo de control de longitud fija | 02551cam a2200481 a 4500 |
| 001 - NÚMERO DE CONTROL | |
| campo de control | 84911 |
| 005 - FECHA Y HORA DE LA ÚLTIMA TRANSACCIÓN | |
| campo de control | 20230410132910.0 |
| 008 - DATOS DE LONGITUD FIJA--INFORMACIÓN GENERAL | |
| campo de control de longitud fija | 021010s2003 nyuao b 001 0beng |
| 010 ## - NÚMERO DE CONTROL DE LA BIBLIOTECA DEL CONGRESO | |
| Número de control de LC | 2002038570 |
| 035 ## - NÚMERO DE CONTROL DEL SISTEMA | |
| Número de control de sistema | (OCoLC)ocm50851655 |
| 040 ## - FUENTE DE CATALOGACIÓN | |
| Centro catalogador/agencia de origen | DLC |
| Centro/agencia transcriptor | DLC |
| Centro/agencia modificador | BAKER |
| -- | NLGGC |
| -- | BTCTA |
| -- | YDXCP |
| -- | SZ9XM |
| -- | OCLCG |
| -- | DEBSZ |
| -- | QT5 |
| 020 ## - NÚMERO INTERNACIONAL ESTÁNDAR DEL LIBRO | |
| Número Internacional Estándar del Libro | 055310344X |
| 020 ## - NÚMERO INTERNACIONAL ESTÁNDAR DEL LIBRO | |
| Número Internacional Estándar del Libro | 9780553103441 |
| 029 1# - OTRO NÚMERO DE CONTROL DE SISTEMA (OCLC) | |
| Identificador de la biblioteca OCLC | NLGGC |
| Número de control de sistema | 245592660 |
| 035 ## - NÚMERO DE CONTROL DEL SISTEMA | |
| Número de control de sistema | (OCoLC)50851655 |
| 043 ## - CÓDIGO DE ÁREA GEOGRÁFICA | |
| Código de área geográfica | e-gx--- |
| 050 14 - SIGNATURA TOPOGRÁFICA DE LA BIBLIOTECA DEL CONGRESO | |
| Número de clasificación | B QC 16 |
| Número de ítem | E35L 2003 |
| 082 00 - NÚMERO DE LA CLASIFICACIÓN DECIMAL DEWEY | |
| Número de clasificación | 530/.092 |
| 049 ## - FONDOS LOCALES (OCLC) | |
| Biblioteca depositaria | GRAL |
| 100 1# - ENTRADA PRINCIPAL--NOMBRE DE PERSONA | |
| Nombre de persona | Levenson, Thomas. |
| 245 10 - MENCIÓN DEL TÍTULO | |
| Título | Einstein in Berlin / |
| Mención de responsabilidad, etc. | Thomas Levenson. |
| 260 ## - PUBLICACIÓN, DISTRIBUCIÓN, ETC. | |
| Lugar de publicación, distribución, etc. | New York : |
| Nombre del editor, distribuidor, etc. | Bantam Books, |
| Fecha de publicación, distribución, etc. | 2003. |
| 300 ## - DESCRIPCIÓN FÍSICA | |
| Extensión | viii, 486 p. : |
| Otras características físicas | ill., photogrs.; |
| Dimensiones | 24 cm. |
| 504 ## - NOTA DE BIBLIOGRAFÍA, ETC. | |
| Nota de bibliografía, etc. | Includes bibliographical references (p. [461]-469) and index. |
| 505 2# - NOTA DE CONTENIDO CON FORMATO | |
| Nota de contenido con formato | The adoration -- "Suspicion against every kind of authority" -- "Consistency and simplicity" -- "This 'great epoch'" -- "All the loathsome nonsense" -- "Unnecessary erudition" -- "My grandest dreams have come true" -- "Is the old Jehavah still alive?" -- "I have become far more tolerant" -- Slavery made to appear civilized" -- "A negation of superstition" -- "I prefer to string along with my countryman, Jesus Christ" -- "Some kind of high-placed Red" -- "A state of mind...akin to that of a...lover" -- "St. Francis Einstein" -- "Grow[ing] angry with my fellow men" -- "That business about causality" -- "A Reich German" -- "A singular tension" -- "I, at any rate, am convinced" -- "Our necessarily privitive thinking" -- "While wolves wait outside" -- "Who is Mary Pickford?" -- "A bird of passage" -- "As long as I have any choice in the matter" |
| 600 10 - PUNTO DE ACCESO ADICIONAL DE MATERIA--NOMBRE DE PERSONA | |
| Nombre de persona | Einstein, Albert, |
| Fechas asociadas al nombre | 1879-1955. |
| 650 #0 - PUNTO DE ACCESO ADICIONAL DE MATERIA--TÉRMINO DE MATERIA | |
| Término de materia o nombre geográfico como elemento de entrada | Physicists |
| Subdivisión de forma | Biography. |
| 651 #0 - PUNTO DE ACCESO ADICIONAL DE MATERIA--NOMBRE GEOGRÁFICO | |
| Nombre geográfico | Berlin (Germany) |
| Subdivisión general | Intellectual life |
| Subdivisión cronológica | 20th century. |
| 651 #0 - PUNTO DE ACCESO ADICIONAL DE MATERIA--NOMBRE GEOGRÁFICO | |
| Nombre geográfico | Germany |
| Subdivisión general | Politics and government |
| Subdivisión cronológica | 1918-1933. |
| 651 #0 - PUNTO DE ACCESO ADICIONAL DE MATERIA--NOMBRE GEOGRÁFICO | |
| Nombre geográfico | Germany |
| Subdivisión general | Politics and government |
| Subdivisión cronológica | 1933-1945. |
| 600 17 - PUNTO DE ACCESO ADICIONAL DE MATERIA--NOMBRE DE PERSONA | |
| Nombre de persona | Einstein, Albert |
| Subdivisión geográfica | Berlin |
| Subdivisión cronológica | Geschichte 1914-1932. |
| Fuente del encabezamiento o término | swd |
| 651 #7 - PUNTO DE ACCESO ADICIONAL DE MATERIA--NOMBRE GEOGRÁFICO | |
| Nombre geográfico | Berlin |
| Subdivisión general | Einstein, Albert |
| Subdivisión cronológica | Geschichte 1914-1932. |
| Fuente del encabezamiento o término | swd |
| 650 #0 - PUNTO DE ACCESO ADICIONAL DE MATERIA--TÉRMINO DE MATERIA | |
| Término de materia o nombre geográfico como elemento de entrada | Fisicos |
| Subdivisión de forma | Biografía |
| 651 #4 - PUNTO DE ACCESO ADICIONAL DE MATERIA--NOMBRE GEOGRÁFICO | |
| Nombre geográfico | Berlín (Alemania) |
| Subdivisión general | Vida intelectual |
| Subdivisión cronológica | Siglo XX |
| 651 #4 - PUNTO DE ACCESO ADICIONAL DE MATERIA--NOMBRE GEOGRÁFICO | |
| Nombre geográfico | Alemania |
| Subdivisión general | Política y gobierno |
| Subdivisión cronológica | 1918-1933 |
| 651 #4 - PUNTO DE ACCESO ADICIONAL DE MATERIA--NOMBRE GEOGRÁFICO | |
| Nombre geográfico | Alemania |
| Subdivisión general | Política y gobierno |
| Subdivisión cronológica | 1933-1945 |
| 938 ## - | |
| -- | Baker & Taylor |
| -- | BKTY |
| -- | 25.95 |
| -- | 19.46 |
| -- | 055310344X |
| -- | 0004039567 |
| -- | active |
| 938 ## - | |
| -- | Baker and Taylor |
| -- | BTCP |
| -- | 2002038570 |
| 938 ## - | |
| -- | YBP Library Services |
| -- | YANK |
| -- | 1895733 |
| 942 ## - ELEMENTOS DE ENTRADA SECUNDARIOS (KOHA) | |
| Fuente del sistema de clasificación o colocación | Clasificación de Library of Congress |
| Tipo de ítem Koha | |
| 946 ## - PROCESAMIENTO DE INFORMACIÓN LOCAL (OCLC) | |
| a | ccruz |
| 994 ## - | |
| -- | C0 |
| -- | DRFGD |
| Estatus retirado | Estado de pérdida | Fuente del sistema de clasificación o colocación | Estado de daño | No para préstamo | Colección | Biblioteca de origen | Biblioteca actual | Ubicación en estantería | Fecha de adquisición | Serial enumeration / chronology | Signatura topográfica completa | Código de barras | Visto por última vez | Copia número | Tipo de ítem Koha |
|---|---|---|---|---|---|---|---|---|---|---|---|---|---|---|---|
| Clasificación de Library of Congress | Recursos Regionales | Biblioteca Juan Bosch | Biblioteca Juan Bosch | Recursos Regionales (2do. Piso) | 10/04/2023 | 1 | B QC 16 E35L 2003 | 00000080029 | 17/11/2018 | 1 |
